Environmental modelling, software and decision support: state of the art and new perspective (Record no. 173070)

MARC details
000 -LEADER
fixed length control field 00427nam a2200145Ia 4500
008 - FIXED-LENGTH DATA ELEMENTS--GENERAL INFORMATION
fixed length control field 230917s9999||||xx |||||||||||||| ||und||
040 ## - CATALOGING SOURCE
-- 207379
Original cataloging agency VIVEKANANDA LIBRARY
041 ## - Language
-- English
082 ## - DDC NUMBER
Classification number 363.700113 J211E
100 ## - MAIN ENTRY--PERSONAL NAME
Personal name Jakeman, A J,ed.
245 #0 - TITLE STATEMENT
Title Environmental modelling, software and decision support: state of the art and new perspective
260 ## - PUBLICATION, DISTRIBUTION, ETC. (IMPRINT)
Place of publication, distribution, etc Amsterdam
Name of publisher, distributor, etc Elsevier
Date of publication, distribution, etc 2008
300 ## - PHYSICAL DESCRIPTION
Pages xvi, 369 p.
942 ## - ADDED ENTRY ELEMENTS (KOHA)
Koha item type Books
Holdings
Withdrawn status Lost status Damaged status Not for loan Location (home branch) Sublocation or collection (holding branch) Date acquired Koha issues (times borrowed) Koha full call number Accession No. Koha date last seen Koha item type
        VIVEKANANDA LIBRARY VIVEKANANDA LIBRARY 02/07/2013   363.700113 J211E 324760 17/09/2023 Books
© Designed and Maintained by Vivekananda Library, MDU Rohtak